Thinkers 50 innovation . (Record no. 351968)

000 -LEADER
fixed length control field 01226cam a2200361 i 4500
001 - CONTROL NUMBER
control field 17844054
003 - CONTROL NUMBER IDENTIFIER
control field OSt
005 - DATE AND TIME OF LATEST TRANSACTION
control field 20180116183104.0
008 - FIXED-LENGTH DATA ELEMENTS--GENERAL INFORMATION
fixed length control field 130808s2014 nyu 001 0 eng
010 ## - LIBRARY OF CONGRESS CONTROL NUMBER
LC control number 2013030616
020 ## - INTERNATIONAL STANDARD BOOK NUMBER
International Standard Book Number 9780071827812 (alk. paper)
020 ## - INTERNATIONAL STANDARD BOOK NUMBER
International Standard Book Number 0071827811 (alk. paper)
040 ## - CATALOGING SOURCE
Original cataloging agency DLC
Language of cataloging eng
Transcribing agency DLC
Description conventions rda
Modifying agency DLC
042 ## - AUTHENTICATION CODE
Authentication code pcc
050 00 - LIBRARY OF CONGRESS CALL NUMBER
Classification number 658.4063
Item number .C686 2014
082 00 - DEWEY DECIMAL CLASSIFICATION NUMBER
Classification number 658.4063
Edition number 23
100 1# - MAIN ENTRY--PERSONAL NAME
Personal name Crainer, Stuart.
245 10 - TITLE STATEMENT
Title Thinkers 50 innovation .
Remainder of title breakthrough thinking to take your business to the next level .
Statement of responsibility, etc. Stuart Crainer + Des Dearlove.
246 30 - VARYING FORM OF TITLE
Title proper/short title Innovation
246 3# - VARYING FORM OF TITLE
Title proper/short title Thinkers fifty innovation
260 ## - PUBLICATION, DISTRIBUTION, ETC.
Place of publication, distribution, etc. New York.
Name of publisher, distributor, etc. McGraw Hill.
Date of publication, distribution, etc. 2014
300 ## - PHYSICAL DESCRIPTION
Extent ix, 175 pages ;
Dimensions 22 cm.
500 ## - GENERAL NOTE
General note Paper Cover
600 ## - SUBJECT ADDED ENTRY--PERSONAL NAME
Personal name Crainer, Stuart.
650 #0 - SUBJECT ADDED ENTRY--TOPICAL TERM
Topical term or geographic name entry element Technological innovations
General subdivision Management.
650 #0 - SUBJECT ADDED ENTRY--TOPICAL TERM
Topical term or geographic name entry element Diffusion of innovations.
650 #0 - SUBJECT ADDED ENTRY--TOPICAL TERM
Topical term or geographic name entry element Creative ability in business.
650 #0 - SUBJECT ADDED ENTRY--TOPICAL TERM
Topical term or geographic name entry element New products.
700 1# - ADDED ENTRY--PERSONAL NAME
Personal name Dearlove, Des.
906 ## - LOCAL DATA ELEMENT F, LDF (RLIN)
a 7
b cbc
c orignew
d 1
e ecip
f 20
g y-gencatlg
942 ## - ADDED ENTRY ELEMENTS (KOHA)
Source of classification or shelving scheme
Koha item type Book
Call number prefix 658.4063
Holdings
Withdrawn status Lost status Source of classification or shelving scheme Damaged status Not for loan Collection code Permanent Location Current Location Shelving location Date acquired Total Checkouts Full call number Barcode Date last seen Price effective from Koha item type
            Central Library (CL) Central Library (CL) General Stacks 05/16/2017   658.4063 CRA NBS10265 08/01/2017 05/16/2017 Book
© 2023 Central Library, National University of Sciences and Technology. All Rights Reserved.